[Event "SRB-chT3 North CS"]
[Site "Serbia"]
[Date "2012.09.22"]
[Round "3.4"]
[White "Muzikravic, Dusan"]
[Black "Pantovic, Rajko"]
[Result "1/2-1/2"]
[WhiteElo "2084"]
[BlackElo "2000"]
[PlyCount "51"]
[EventDate "2012.09.21"]
[EventType "team"]
[EventRounds "10"]
[EventCountry "SRB"]
[SourceTitle "EXT 2015"]
[Source "ChessBase"]
[SourceDate "2014.11.20"]
[SourceVersion "1"]
[SourceVersionDate "2014.11.20"]
[SourceQuality "1"]

1. e4 c6 2. d4 d5 3. Bd3 dxe4 4. Bxe4 Nf6 5. Bf3 Bf5 6. Ne2 e6 7. c4 Bxb1 8. Rxb1 Qa5+ 9. Nc3 Nbd7 10. a3 Be7 11. b4 Qc7 12. 0-0 a6 13. g3 0-0 14. Qe2 Rfe8 15. c5 Nd5 16. Nxd5 exd5 17. Bf4 Qd8 18. Qd2 Bf6 19. Rfe1 Nf8 20. Rxe8 Qxe8 21. Re1 Qd7 22. Kg2 Re8 23. Rxe8 Qxe8 24. Qe3 Qxe3 25. fxe3 Ne6 26. a4 1/2-1/2

[Event "SRB-chT3 North CS"]
[Site "Serbia"]
[Date "2012.09.21"]
[Round "1.4"]
[White "Muzikravic, Dusan"]
[Black "Jovcic, Zoran"]
[Result "0-1"]
[WhiteElo "2084"]
[BlackElo "2081"]
[PlyCount "100"]
[EventDate "2012.09.21"]
[EventType "team"]
[EventRounds "10"]
[EventCountry "SRB"]
[SourceTitle "EXT 2015"]
[Source "ChessBase"]
[SourceDate "2014.11.20"]
[SourceVersion "1"]
[SourceVersionDate "2014.11.20"]
[SourceQuality "1"]

1. e4 d5 2. exd5 Qxd5 3. Nc3 Qa5 4. Bc4 Nf6 5. d3 c6 6. Bd2 Qc7 7. Nge2 Bg4 8. f3 Bh5 9. Bf4 e5 10. Bg3 Nbd7 11. Qd2 Bd6 12. 0-0-0 0-0 13. Ne4 Be7 14. d4 Nxe4 15. fxe4 b5 16. Bd3 Bd6 17. Qg5 Bg6 18. h4 h6 19. Qg4 Nf6 20. Qf3 Bh5 21. Qf5 Bg4 22. Qf2 exd4 23. Rde1 Bxe2 24. Bxd6 Qxd6 25. Qxe2 Rfe8 26. Rhf1 Qg3 27. Rf5 Re5 28. Rxe5 Qxe5 29. Qf3 h5 30. g3 a6 31. Rf1 c5 32. Qg2 g6 33. b3 Rc8 34. Qe2 Kg7 35. Rf3 Re8 36. a4 Nxe4 37. axb5 axb5 38. Bxb5 Nc3 39. Qxe5+ Rxe5 40. Bc4 Re1+ 41. Kb2 f5 42. Rf1 Rxf1 43. Bxf1 Ne4 44. Kc1 Kf6 45. Kd1 Nxg3 46. Bc4 f4 47. Kd2 Nf5 48. Kd3 Ke5 49. Bf7 Nxh4 50. Be8 f3 0-1